1396 1374 1652 1326 1052 1115 1085 1187 1233 1234 1273 1438 1440 1530 1209 1576 1468 1160 1764 1173 1303 1828 1417 1745 1209 1491 1434 1611 1760 1103 1400 1576 1630 1989 1221 1209 1450 1914 1051 1516 1636 1743 1938 1944 1495 1667 1727 1763 1979 1751 1912 1726 1998 1228 1296 1309 1752 1002 1406 1387 1993 1796 1297 1077 1308 1476 1789 1582 1840 1835 1554 1069 1195 1996 1017 1502 1437 1730 1856 1009 1636 1384 1687 1210 1776 1664 1188 1637 1805 1986 1015 1832 1786 1186 1369 1807 1682 1429 1157 BCNSPRNW ULIB Ver.6.0+V

เปลี่ยนเป็นภาษาไทย

Change to English
 แสดงรายละเอียดบรรณานุกรม
  กลับหน้าหลัก

Brief Record : Get Marc (ISO 2709) : E-mail record : QR code < ปิดหน้าต่าง
LEADER : 00000nam 2200000 i 4500
001    13399126661
003     ULIB
008    180305s2017 th a b 001 0 tha d
020    ^a9786164457218
040    ^a^erda
060  4 ^aWY100^bก492^d2560
245 00 ^aการพยาบาลพื้นฐาน /^cบรรณาธิการ, สุปาณี เสนาดิสัย, วรรณภาประไพพานิช
250    ^aพิมพ์ครั้งที่ 1 (ฉบับปรับปรุง)
300    ^a861 หน้า :^bภาพประกอบ ;^c26 ซม
504    ^aบรรณานุกรมท้ายบท
505 0  ^aการพยาบาล พยาบาลและทีมสุขภาพ -- วิวัฒนาการของวิชาชีพการพยาบาล --สุขภาพและความเจ็บป่วย -- การประเมินภาวะสุขภาพ --บทบาทพยาบาลกับการสอนสุขศึกษา --การพยาบาลเพื่อป้องกันและควบคุมการติดเชื้อ --การพยาบาลเพื่อป้องกันอุบัติเหตุ -- การรับ การย้าย และการจำหน่ายผู้ป่วย -- การพยาบาลเพื่อสนองความต้องการด้านการปฏิบัติกิจวัตรประจำวัน --การพยาบาลเพื่อฟื้นฟูสมรรถภาพ --การพยาบาลเพื่อสนองความต้องการด้านการเคลื่อนไหว --การพยาบาลเพื่อสนองความต้องการด้านความสุขสบายและปลอดภัย --การพยาบาลผู้ป่วยที่มีอาการอักเสบ -- การพยาบาลผู้ป่วยผู้ป่วยที่มีแผล --การพยาบาลผู้ป่วยผู้ป่วยที่มีไข้ -- หลักการพยาบาลในการให้ยา สารน้ำและเลือด -- การพยาบาลผู้ป่วยที่มีความเปลี่ยนแปลงระดับความรู้สึกตัว --การพยาบาลผู้ป่วยที่มีอาการและอาการแสดงที่ผิดปกติของระบบทางเดินหายใจ -- การพยาบาลผู้ป่วยที่มีอาการและอาการแสดงที่ผิดปกติของระบบทางเดินอาหาร-- การพยาบาลผู้ป่วยที่มีภาวะไม่สมดลของสารน้ำและอิเล็กโทรลัยต์ --การพยาบาลผู้ป่วยที่มีอาการและอาการแสดงที่ผิดปกติของระบบทางเดินปัสสาวะ-- การพยาบาลผู้ป่วยที่มีอาการเจ็บปวด ปวดศีรษะ และเวียนศีรษะ --บทบาทของพยาบาลในการเตรียมผู้ป่วยเพื่อตรวจร่างกาย --การพยาบาลผู้ป่วยในระยะก่อนและหลังผ่าตัด -- การพยาบาลผู้ป่วยที่เจ็บหนักผู้ป่วยใกล้ถึงแก่กรรม และผู้ป่วยถึงแก่กรรม
650  7 ^aการพยาบาล
650  7 ^aผู้ป่วย^xการดูแล
700 0  ^aสุปาณี เสนาดิสัย,^eบรรณาธิการ
700 0  ^aวรรณภา ประไพพานิช,^eบรรณาธิการ
945    ^p580^l0^i26923
945    ^p580^l0^i26922
999    ^aกัณชพร
รายการนี้ยังไม่มีแท็ก
คุณยังไม่ได้ล็อกอิน คุณสามารถมีกิจกรรมร่วมกับเว็บไซต์ได้ แต่ต้องล็อกอินก่อน ::
  ล็อกอิน

รายการสื่อสารสนเทศ

ลำดับที่ ประเภท เลขเรียก/บาร์โค้ด สถานที่ สถานะ
1. หนังสือสำรอง
หนังสือสำรอง
WY100 ก492 2560 ฉ.1 
  Barcode: 26922
ห้องสมุดวิทยาเขตนครสวรรค์
►หนังสือทั่วไป:l:General Books
บนชั้น
2. วิทยาศาสตร์การแพทย์ และสุขภาพ
วิทยาศาสตร์การแพทย์ และสุขภาพ
WY100 ก492 2560 ฉ.2 
  Barcode: 26923
ห้องสมุดวิทยาเขตนครสวรรค์
►หนังสือทั่วไป:l:General Books
บนชั้น
Note:อยู่ฝั่งสปร.

รายการใกล้เคียง
    หัวเรื่อง [การพยาบาล]
    หัวเรื่อง [ผู้ป่วย การดูแล]

BibComment


ยังไม่เคยถูกคอมเมนท์

คอมเมนท์ทรัพยากรรายการนี้
  คอมเมนท์: การพยาบาลพื้นฐาน..


 Copyright 2026. Bcnsprnw @Library